LEADER 01210nam a2200265 a 4500
001 c000160350
003 CARM
005 19901214000000.0
008 901220s1990 dcua f000 0 eng d
019 1 |a 7673774  |5 LACONCORD2021 
035 |a (OCoLC)23043351  |5 LACONCORD2021 
040 |a VCMB  |b eng  |c VCMB 
082 0 4 |a 551.514 
100 1 |a Reale, Anthony L. 
245 1 0 |a Baseline upper air network (BUAN) :  |b final report /  |c Anthony L. Reale. 
260 |a Washington, D.C. :  |b U.S. Dept. of Commerce, National Oceanic and Atmospheric Administration, National Environmental Satellite, Data and Information Service,  |c 1990. 
300 |a ii, 57 p. :  |b ill. ;  |c 28 cm. 
440 0 |a NOAA technical report NESDIS ;  |v 52. 
504 |a Includes bibliographical references. 
650 0 |a Atmosphere, Upper  |x Radiosonde observations. 
650 0 |a Atmosphere, Upper  |x Rocket observations. 
710 1 |a United States.  |b National Environmental Satellite, Data, and Information Service. 
852 8 |b CARM  |h A2:AN15E0  |i D05670  |p 0211205  |f BK 
999 f f |i ffb22283-397a-5707-96d3-9349f8db0f5a  |s a666db67-8c8a-5a40-b0e9-25d280353d37 
952 f f |p Can circulate  |a CAVAL  |b CAVAL  |c CAVAL  |d CARM 1 Store  |e D05670  |f A2:AN15E0  |h Other scheme  |i book  |m 0211205